000 01102cam a2200289 i 4500
001 57663
003 Mx-PuUPA
005 20260317125145.0
008 140415s2008 mx gr 001 0dspa d
040 _aMx-PuUPA
_bspa
_cMx-PuUPA
_dMx-PuUPA
_erda
041 0 _aspa
100 1 _aPérez Alonso, Manuel Ignacio,
_d1916-2007
_eautor
_917786
245 1 0 _aHomilías del padre Manuel Ignacio Pérez Alonso :
_b1985-1988 /
_ccompilación, Ma. del Carmen Celayeta de Müdespacher
264 1 _aMéxico, D. F. :
_b[Editor no identificado],
_c2008
300 _a198 páginas ;
_c22 cm
336 _2rdacontent
_atexto
_btxt
337 _2rdamedia
_asin medio
_bn
338 _2rdacarrier
_avolumen
_bnc
600 1 4 _aPérez Alonso, Manuel Ignacio,
_cS.J.
_vHomilías
650 7 _aIglesia Católica
_2armarc
_vSermones
700 1 _aCelayeta de Müdespacher, María del Carmen,
_917584
_ecompilador
942 _2ddc
_cLI
_h252
_iP42
_n
999 _c57663
_d57663